书目信息 |
| 题名: |
财经法规与会计职业道德
|
|
| 作者: | 刘勇 , 杨晓娟 , 吴冬梅 梅著 | |
| 分册: | ||
| 出版信息: | 北京 现代出版社 2016.12 |
|
| 页数: | 288页 | |
| 开本: | 21cm | |
| 丛书名: | ||
| 单 册: | ||
| 中图分类: | D922.2 , F233 | |
| 科图分类: | ||
| 主题词: | 财政法--中国--资格考试--教材 , 经济法--中国--资格考试--教材 , 会计人员--职业道德--资格考试--教材 | |
| 电子资源: | ||
| ISBN: | 978-7-5143-5491-1 | |
| 000 | 01194nam0 2200289 45 | |
| 001 | 012001000477 | |
| 005 | 20140920091301.0 | |
| 010 | @a978-7-5143-5491-1@dCNY25.00 | |
| 100 | @a20170103d2016 em y0chiy0110 ea | |
| 101 | 0 | @achi |
| 102 | @aCN@b110000 | |
| 105 | @ay z 000yy | |
| 106 | @ar | |
| 200 | 1 | @a财经法规与会计职业道德@9Cai Jing Fa Gui Yu Hui Ji Zhi Ye Dao De@f刘勇,杨晓娟,吴冬梅著 |
| 210 | @a北京@c现代出版社@d2016.12 | |
| 215 | @a288页@d21cm | |
| 330 | @a本书主要是按照2017年1月1日财政部新的考试大纲编撰的会计证考试系列辅导教材——《财经法规与会计职业道德》。本书主要包括5个章节的内容:会计法律制度、支付结算法律制度、税收法律制度、财政法律制度以及会计职业道德等。本书主要的对象是参加会计从业资格证考试的人员,教材内容和体系也主要针对会计从业资格证考试,因此这是一本应试教材,并非教学性教材。 | |
| 606 | 0 | @a财政法@y中国@x资格考试@j教材 |
| 606 | 0 | @a经济法@y中国@x资格考试@j教材 |
| 606 | 0 | @a会计人员@x职业道德@x资格考试@j教材 |
| 690 | @aD922.2@v5 | |
| 690 | @aF233@v5 | |
| 701 | 0 | @a刘勇@9Liu Yong@4梅著 |
| 701 | 0 | @a杨晓娟@9Yang Xiao Juan@4梅著 |
| 701 | 0 | @a吴冬梅@9Wu Dong Mei@4著 |
| 801 | 0 | @aCN@b上海新华@c20180901 |
| 905 | @b1041703-07@dD922.2@e1869@f5 | |
| 财经法规与会计职业道德/刘勇,杨晓娟,吴冬梅著.-北京:现代出版社,2016.12 |
| 288页;21cm |
| ISBN 978-7-5143-5491-1:CNY25.00 |
| 本书主要是按照2017年1月1日财政部新的考试大纲编撰的会计证考试系列辅导教材——《财经法规与会计职业道德》。本书主要包括5个章节的内容:会计法律制度、支付结算法律制度、税收法律制度、财政法律制度以及会计职业道德等。本书主要的对象是参加会计从业资格证考试的人员,教材内容和体系也主要针对会计从业资格证考试,因此这是一本应试教材,并非教学性教材。 |
| ● |
| 相关链接 |
|
|
|
|
正题名:财经法规与会计职业道德
索取号:D922.2/1869
 
预约/预借
| 序号 | 登录号 | 条形码 | 馆藏地/架位号 | 状态 | 备注 |
| 1 | 1041703 | 210417039 | 第一样本阅览室/ [索取号:D922.2/1869] | 在馆 | |
| 2 | 1041704 | 210417048 | 第一借阅区/ [索取号:D922.2/1869] | 在馆 | |
| 3 | 1041705 | 210417057 | 第一借阅区/ [索取号:D922.2/1869] | 在馆 | |
| 4 | 1041706 | 210417066 | 第一借阅区/ [索取号:D922.2/1869] | 在馆 | |
| 5 | 1041707 | 210417075 | 密集书库-史法系/ [索取号:D922.2/1869] | 在馆 |